| 000 -ლიდერი |
| ფიქსირებული სიგრძის საკონტროლო ველი |
01836nam a2200301Ia 4500 |
| 001 - საკონტროლო ნომერი |
| საკონტროლო ველი |
8040 |
| 003 - საკონტროლო ნომრის იდენტიფიკატორი |
| საკონტროლო ველი |
GE_BSU |
| 005 - ბოლო ოპერაციის თარიღი და დრო |
| საკონტროლო ველი |
20211116124942.0 |
| 008 - ფიქსირებული სიგრძის მონაცემთა ელემენტები - ზოგადი ინფორმაცია |
| ფიქსირებული სიგრძის საკონტროლო ველი |
181216s2013||||ge |||||||||||||| ||geo|| |
| 020 ## - წიგნის საერთაშორისო სტანდარტული ნომერი |
| International Standard Book Number |
9789941181726 |
| 040 ## - კატალოგიზაციის წყარო |
| Transcribing agency |
GE_BSU |
| 041 ## - ენის კოდი |
| Language code of text/sound track or separate title |
geo |
| 080 ## - უნივერსალური ათობითი კლასიფიკაციის ინდექსი |
| Universal Decimal Classification number |
342.4(479.22) ს–94 |
| 245 ## - ცნობა სათაურის შესახებ |
| Title |
სუპერსაპრეზიდენტოდან საპარლამენტომდე : |
| Remainder of title |
საკონსტიტუციო ცვლილებები საქართველოში : სტატიების კრებული / |
| Statement of responsibility, etc |
სამეცნ. რედ.: გია ნოდია, დავით აფრასიძე. |
| 264 ## - წარმოების, გამოცემის, დისტრიბუციის და სხვა ცნობები |
| გამოცემის, წარმოების, დისტრიბუციის... ადგილი |
თბილისი : |
| გამოცემის, წარმოების, დისტრიბუციის... სახელწოდება |
ილიას სახ–ფო უნ–ტი, |
| გამოცემის, წარმოების, დისტრიბუციის... თარიღი |
2013. |
| 300 ## - ფიზიკური აღწერა |
| Extent |
180 გვ.; |
| Other physical details |
20 სმ. |
| 504 ## - BIBLIOGRAPHY, ETC. NOTE |
| Bibliography, etc |
ბიბლიოგრ. ტექსტის შენიშვნ. |
| 653 ## - INDEX TERM--UNCONTROLLED |
| Uncontrolled term |
საქართველოს კონსტიტუცია |
| 653 ## - INDEX TERM--UNCONTROLLED |
| Uncontrolled term |
საკონსტიტუციო ცვლილებები საქართველოში |
| 653 ## - INDEX TERM--UNCONTROLLED |
| Uncontrolled term |
საქართველოს აღმასრულებელი ხელისუფლება |
| 653 ## - INDEX TERM--UNCONTROLLED |
| Uncontrolled term |
საქართველოს საკანონმდებლო ძალაუფლება |
| 700 ## - ADDED ENTRY--PERSONAL NAME |
| Personal name |
ნოდია, გია |
| Relator term |
ავტორი |
| 9 (RLIN) |
6158 |
| 700 ## - ADDED ENTRY--PERSONAL NAME |
| Personal name |
აფრასიძე, დავით |
| Relator term |
ავტორი |
| 9 (RLIN) |
6159 |
| 700 ## - ADDED ENTRY--PERSONAL NAME |
| Personal name |
დემეტრაშვილი, ავთანდილ და სხვ. |
| Relator term |
ავტორი |
| 9 (RLIN) |
6160 |
| 700 ## - ADDED ENTRY--PERSONAL NAME |
| Personal name |
ნოდია, გია |
| Relator term |
სამეცნ.რედ. |
| 9 (RLIN) |
6158 |
| 700 ## - ADDED ENTRY--PERSONAL NAME |
| Personal name |
აფრასიძე, დავით |
| Relator term |
სამეცნ. რედ. |
| 9 (RLIN) |
6159 |
| 942 ## - ADDED ENTRY ELEMENTS (KOHA) |
| Koha item type |
წიგნი |
| Source of classification or shelving scheme |
|